00871nam a2200217 a 450000100100000000500170001000800410002702000150006804000250008308200130010810000380012124501260015926000360028530000350032149000350035650000600039150400320045183000420048395201110052599900170063600004315220201002040658.0140220s1990 sp ab 000 0 spa d a8487290124 aDO-SdBNPbspacBNPHU axxxbxxx1 aAzorín, Franciscod1915-97071113aLa Castellana, escenario de poder :bdel Palacio de Linares a la Torre de Picasso /cFrancisco Azorín & Ma. Isabel Gea. aMadrid :bLa Librería,c1990. a267 p. :bil., mapas ;c21 cm.1 aBiblioteca básica de Madrid. aIncluye datos biográficos de las autoras en la solapa aBibliografía : p. 257-261 0aBiblioteca básica de Madrid.970712 001050718MOaGRbGRcCTd2014-02-20iLF1l0oxxx xxxp43152-10r2020-06-25w2020-06-25y1ZNo se presta c42641d42641